00346nam a2200133Ia 4500008004100000041000800041082001400049100002200063245004500085250001400130260003500144300002600179365000700205240624s9999 xx 000 0 und d aeng a004.6 CIS aCISCO SYSTEMS INC aCISCO NETWORKING ACADEMY PROGRAM ENGINEE a(2nd ed.) c2002aDelhibPearson Education avii, : 153 : cm. ; 24 cRS